| 000 | 01073cam a22002531i 4500 | ||
|---|---|---|---|
| 003 | SA-RiAUC | ||
| 005 | 20250915132829.0 | ||
| 008 | 250913s1986 ua g 000 0dara c | ||
| 040 |
_aSA-MuMU _bara _cSA-RiAUC _erda |
||
| 043 | _ae-fr--- | ||
| 082 | 0 | 4 | _a214.27 |
| 090 |
_a214.27 _bش ر ق |
||
| 100 | 1 |
_aالشرقاوي، محمد عبد الله _eمؤلف. |
|
| 245 | 1 | 0 |
_aرسالة راهب فرنسا إلى المسلمين وجواب القاضي أبي الوليد الباجي عليها / _cدراسة وتحقيق محمد عبد الله الشرقاوي. |
| 264 | 1 |
_aالقاهرة : _bدار الصحوة، _c1986 |
|
| 300 |
_a109 صفحة؛ _c22 سم. |
||
| 336 |
_aنص _btxt _2rdacontent _3كتاب |
||
| 337 |
_aبدون وسيط _bn _2rdamedia |
||
| 338 |
_aمجلد _bnc _2rdacarrier |
||
| 600 | 1 | 7 |
_aأبو الوليد الباجي، سليمان بن خلف بن سعد، _d403-474 هجري _vمراسلات _2aucnm |
| 650 | 7 |
_aالإسلام والمسيحية _2aucsh |
|
| 942 |
_2ddc _cBOOK _n0 |
||
| 949 |
_aSA-JeALM _d250913 _umohamedma123 _n1 |
||
| 999 |
_c11793 _d11793 |
||